Представление документа в формате MARC21

Поле Инд. ПП Название Значение
Тип записи a
Библиографический уровень b
001 Контрольный номер RU/IS/BASE/262112485
005 Дата корректировки 20200522190639.3
084 a Индекс другой классификации/Индекс ББК 65.262(2Рос)-18
097 00 a 750
100 10 a Автор Алехин А.
100 1_ a Автор Кондюрин В.
245 00 a Заглавие О возможных подходах к проблеме реструктуризации банковского сектора экономики России
650 a Основная рубрика банковское дело
a Основная рубрика кредитно-денежная система
a Основная рубрика финансы
a Основная рубрика экономика
653 00 a Ключевые слова банки
a Ключевые слова государственный финансовый контроль
a Ключевые слова кредитно-денежная политика
a Ключевые слова опорные банки
a Ключевые слова реструктуризация банков
a Ключевые слова риски
a Ключевые слова Россия
a Ключевые слова финансовая политика
a Ключевые слова финансовые риски
773 00 t Заглавие источника Управление риском
d Дата издания источника 2000
g Прочая информация № 1. - С. 37 - 40
w Контрольный № источника RU/IS/BASE/141222596
901 t Тип документа b